00398pab a2200145 454500008004000000100002500040245008100065260000900146300001500155362000800170650001400178700002200192700001900214773001900233180718b2014 xxu||||| |||| 00| 0 eng d aFitzgerald, Jennifer aDefying the law of gravity: The political economy of international migration c2014 ap.406-445. aJul aMigration aTeets, Jassica C. aLeblang, David aWorld Politics